00681nam a22002057a 450000500170000001000150001702000270003203500140005903700130007308200110008610000190009724501380011625000130025426000250026727000890029230000290038150000180041070000240042870000230045220230406114711.0 aENG-129733 a9789353949273c1999.00 aEN-113265 bDBAD/PUB a610.73 aBerman, Audrey aKozier & Erb's fundamentals of nursing:bconcepts, process and practice /cby Audrey Berman, Shirlee J. Snyder [and] Geralyn Frandsen a11th ed. aNoidabPearsonc2021 a15th Floor, Tower-B, World Trade Tower, Plot No.1, Block-C, Sector-16bNoidae201301 a1533p.:bill.c28cm(pbk) ainclude index aSnyder, Shirlee J.  aFrandsen, Geralyn